000 01018nac a22003257a 4500
001 BR8104137
003 BR-BrBNA
005 20240105115024.0
008 230509b bl.|||m| |||| 00| 0 por d
040 _aBR-BrBNA
_bpor
_cBiblioteca Nacional de Agricultura
072 _aE70; L00
090 _a9700 BR8104137
100 1 _aCarneiro, A. de S.
110 1 _aComissao Estadual de Planejamento Agricola, Belem, PA (Brasil)
_92044
245 1 _aEvolucao dos principais componentes da oferta de carne bovina e bufalina em Belem - 1975/80 [Comercializacao; Para; Brasil]
260 3 _aBelem, PA (Brasil):
_c1981.
300 _a118 p.
490 _aPlanejamento - Comissao Estadual de Planejamento Agricola (Brazil)
_vno. 5
_x
500 _a99 tables; 12 ref.
650 _aCARNE
650 _aBOVINO
650 _aBUFALO
650 _aOFERTA
650 _aABATE
650 _aCONSUMO
650 _aBELEM
650 _aPARA
909 _a202312
_bLúcia Elande
_c55
_dLúcia Elande
942 _2AGRIS
_n0
_cMS
999 _c272611
_d272611